Statistics for Countries with Indian military bases

Click here to take the quiz!

General Stats

  • This quiz has been taken 22 times
    (2 since last reset)
  • The average score is 5 of 7

Answer Stats

Continent Country % Correct
AfricaSeychelles
100%
Asiathe Maldives
100%
AfricaMauritius
100%
AfricaMadagascar
100%
AsiaNepal
50%
AsiaBhutan
50%
AsiaTajikistan
0%

Score Distribution

Percentile by Number Answered

Percent of People with Each Score

Your Score History

You have not taken this quiz since the last reset